000 00258nam a2200109Ia 4500
008 220204s9999 xx 000 0 und d
082 _a052
_bMUI
100 _aMuirden, James
245 0 _aGuide to astronomy
260 _aLondon
_bPan books
_c1972
942 _cBK
999 _c25951
_d25951